Pääkaupungit jokien mukaan - Statistics

Yleistilastot
  • Tätä visaa on pelattu 458 kertaa
  • Keskiarvotulos 11 / 20
Vastaustilastot
Joki Pääkaupungit % Oikein
Thames Lontoo
98%
Seine Pariisi
95%
Niili Kairo / Juba / Khartum
94%
Tonava Belgrad / Bratislava / Budapest / Wien
81%
Dnepr Kiova
73%
Amstel Amsterdam
67%
Tigris Bagdad
61%
Kongo Brazzaville / Kinshasa
59%
Veiksel Varsova
59%
Vltava Praha
56%
Tiber Rooma
54%
Potomac Washington DC
51%
Liffey Dublin
45%
Mekong Phnom Penh / Vientiane
43%
Niger Bamako / Niamey
37%
Han Soul
37%
Spree Berliini
36%
Tejo Lissabon
31%
Manzanares Madrid
21%
Sumida Tokio
19%
Ehtoja vastaavia visoja ei löytynyt
Tulosjakauma
Jokaisen tuloksen saaneiden osuus
Persentiili vastausten määrän mukaan
Tuloshistoriasi
Et ole pelannut tätä visaa